| 000 | 01080nam a22002657a 4500 | ||
|---|---|---|---|
| 999 |
_c65854 _d65854 |
||
| 005 | 20240530110846.0 | ||
| 008 | 201019s 2020ua ah f b 000 0 ara d | ||
| 017 |
_a28525 _bمصر. دار الكتب |
||
| 020 | _a9799773145460 | ||
| 040 |
_aEG-CaGPL _cEG-CaGPL |
||
| 082 | 0 | 4 |
_221 _a729.92/ _bع أ |
| 100 | 0 | _aعبد الناصر ياسين | |
| 245 | 1 | 2 |
_aالاعلام البرية فى ضوء تصاوير الفنون التطبيقية الاسلامية / _cتاليف عبد الناصر ياسين |
| 250 | _aط.1 | ||
| 260 |
_aالقاهرة : _bمكتبة زهراء الشرق ، _c2020. |
||
| 300 |
_a71 ص. : _bايض ؛ _c24 سم. |
||
| 490 | 0 |
_aدراسات وبحوث عن الاعلام عبر العصور الاسلامية ؛ _v3. |
|
| 504 | _aيشتمل على ارجاعات ببليوجرافية | ||
| 650 | 0 | 7 |
_2qrmak _aالفن الاسلامى |
| 650 | 0 | 7 |
_2qrmak _aالزخارف الاسلامية |
| 650 | 0 | 7 |
_2qrmak _aالاعلام والريات |
| 651 | _2qrmak | ||
| 942 |
_2ddc _cBK |
||